|
|
|
|
| LEADER |
00000naa2a2200000 4500 |
| 001 |
251481 |
| 005 |
20231031213529.0 |
| 035 |
|
|
|a (RuTPU)RU\TPU\book\273780
|
| 035 |
|
|
|a RU\TPU\book\273775
|
| 090 |
|
|
|a 251481
|
| 100 |
|
|
|a 20140221d1989 k y0rusy50 ca
|
| 101 |
0 |
|
|a rus
|
| 102 |
|
|
|a RU
|
| 200 |
1 |
|
|a Адсорбция 8 - оксихинолина на ртутном электроде
|f Г. Н. Бондарь, Ю. Н. Обливанцев
|
| 463 |
|
0 |
|0 (RuTPU)RU\TPU\book\270153
|t Электрохимические методы анализа
|o тезисы III Всесоюзной конференции по электрохимическим методам анализа
|v С. 225-226
|d 1989
|p 482 с.
|
| 610 |
1 |
|
|a адсорбция
|
| 610 |
1 |
|
|a оксихинолины
|
| 610 |
1 |
|
|a ртутные электроды
|
| 610 |
1 |
|
|a труды учёных ТПУ
|
| 700 |
|
1 |
|a Бондарь
|b Г. Н.
|
| 701 |
|
1 |
|a Обливанцев
|b Ю. Н.
|c химик-технолог
|c доцент Томского политехнического университета
|f 1947-
|g Юрий Николаевич
|2 stltpush
|3 (RuTPU)RU\TPU\pers\31876
|
| 801 |
|
1 |
|a RU
|b 63413507
|c 20050721
|g PSBO
|
| 801 |
|
2 |
|a RU
|b 63413507
|c 20140221
|g PSBO
|
| 942 |
|
|
|c BK
|